Zdroje konkurencieschopnosti podniku nápojového priemyslu na Slovensku diplomová práca

Saved in:
Bibliographic Details
Main Author: Gladišová, Nataša
Corporate Author: Podnikovohospodárska fakulta EU so sídlom v Košiciach. Katedra ekonómie
Other Authors: Lejková, Zuzana
Format: Book
Language:Slovak
Published: Košice 2009
Tags: Add Tag
No Tags, Be the first to tag this record!

MARC

LEADER 00000nam$a2200000$$$4500
001 0098772
005 20240827093347.5
041 0 |a slo 
044 |a SK 
245 1 0 |a Zdroje konkurencieschopnosti podniku nápojového priemyslu na Slovensku  |b diplomová práca  |c Nataša Gladišová ; škol. Zuzana Lejková 
264 1 |a Košice  |c 2009 
300 |a 99 s. 
100 1 |a Gladišová, Nataša 
700 1 |a Lejková, Zuzana 
710 2 |a Podnikovohospodárska fakulta EU so sídlom v Košiciach. Katedra ekonómie